MARC details
| 000 -LEADER |
| fixed length control field |
01795nam a2200457 a 4500 |
| 001 - CONTROL NUMBER |
| control field |
22652 |
| 003 - CONTROL NUMBER IDENTIFIER |
| control field |
VRT |
| 005 - DATE AND TIME OF LATEST TRANSACTION |
| control field |
20260415133755.0 |
| 008 - FIXED-LENGTH DATA ELEMENTS--GENERAL INFORMATION |
| fixed length control field |
240315s2010 xo a c 000 j slo |
| 015 ## - NATIONAL BIBLIOGRAPHY NUMBER |
| National bibliography number |
SNBA2011/10-05284 |
| 020 ## - INTERNATIONAL STANDARD BOOK NUMBER |
| International Standard Book Number |
9788081091308 |
| Qualifying information |
(viaz.) |
| 035 ## - SYSTEM CONTROL NUMBER |
| System control number |
8FD5404C-C723-42EB-B891-BA10366FB8F7 |
| 035 ## - SYSTEM CONTROL NUMBER |
| System control number |
urn:nbn:sk:snk-amjgay |
| 035 ## - SYSTEM CONTROL NUMBER |
| System control number |
urn:nbn:sk:snk-am001yk3 |
| 039 #9 - LEVEL OF BIBLIOGRAPHIC CONTROL AND CODING DETAIL [OBSOLETE] |
| Level of rules in bibliographic description |
202403151914 |
| Level of effort used to assign nonsubject heading access points |
VLOAD |
| Level of effort used to assign subject headings |
201808010928 |
| Level of effort used to assign classification |
VLOAD |
| Level of effort used to assign subject headings |
201711060842 |
| Level of effort used to assign classification |
mkpoh03 |
| Level of effort used to assign subject headings |
201606291334 |
| Level of effort used to assign classification |
mvthk03 |
| 040 ## - CATALOGING SOURCE |
| Original cataloging agency |
ZKSE |
| Language of cataloging |
slo |
| Transcribing agency |
ZKSE |
| Modifying agency |
SNK |
| Description conventions |
AACR2 |
| 041 1# - LANGUAGE CODE |
| Language code of text/sound track or separate title |
slo |
| Language code of original |
cze |
| 044 ## - COUNTRY OF PUBLISHING/PRODUCING ENTITY CODE |
| MARC country code |
xo |
| ISO country code |
SK |
| 072 #7 - SUBJECT CATEGORY CODE |
| Subject category code |
821-93 |
| Subject category code subdivision |
Literatúra pre deti a mládež |
| Source |
konspekt |
| 072 #7 - SUBJECT CATEGORY CODE |
| Subject category code |
821.162.3 |
| Subject category code subdivision |
Česká literatúra |
| Source |
konspekt |
| 080 ## - UNIVERSAL DECIMAL CLASSIFICATION NUMBER |
| Universal Decimal Classification number |
821.162.3-34 |
| Edition identifier |
2001 |
| 080 ## - UNIVERSAL DECIMAL CLASSIFICATION NUMBER |
| Universal Decimal Classification number |
821-93 |
| Edition identifier |
2001 |
| 100 1# - MAIN ENTRY--PERSONAL NAME |
| Personal name |
Čapek, Josef, |
| Dates associated with a name |
1887-1945 |
| Relationship |
aut |
| 240 10 - UNIFORM TITLE |
| Uniform title |
Povídaní o pejskovi a kočičce, jak spolu hospodařili a ještě o všelijakých jiných věcech |
| Language of a work |
Slovensky |
| 245 10 - TITLE STATEMENT |
| Title |
Rozprávky o psíčkovi a mačičke |
| Remainder of title |
ako spolu gazdovali a ešte o všelijakých iných veciach |
| Statement of responsibility, etc. |
[pre deti napísal a nakreslil Josef Čapek ; z českého originálu preložila Krista Bendová] |
| 260 ## - PUBLICATION, DISTRIBUTION, ETC. |
| Place of publication, distribution, etc. |
Bratislava |
| Name of publisher, distributor, etc. |
Eastone Books |
| Date of publication, distribution, etc. |
2010 |
| 300 ## - PHYSICAL DESCRIPTION |
| Extent |
110 s. |
| Other physical details |
ilustr. (čiast. fareb.) |
| Dimensions |
22 cm |
| 655 #7 - INDEX TERM--GENRE/FORM |
| Genre/form data or focus term |
české rozprávky |
| Source of term |
SNKPH |
| 655 #7 - INDEX TERM--GENRE/FORM |
| Genre/form data or focus term |
publikácie pre deti |
| Source of term |
SNKPH |
| 655 #7 - INDEX TERM--GENRE/FORM |
| Genre/form data or focus term |
Czech fairy tale |
| Source of term |
SNKPHeng |
| 655 #7 - INDEX TERM--GENRE/FORM |
| Genre/form data or focus term |
Children's literature |
| Source of term |
SNKPHeng |
| 700 1# - ADDED ENTRY--PERSONAL NAME |
| Personal name |
Bendová, Krista, |
| Dates associated with a name |
1923-1988 |
| Relationship |
trl |
| 910 ## - USER-OPTION DATA (OCLC) |
| User-option data |
sllk |
| 910 ## - USER-OPTION DATA (OCLC) |
| User-option data |
vthk |
| 910 ## - USER-OPTION DATA (OCLC) |
| User-option data |
pokpoh |
| 942 ## - ADDED ENTRY ELEMENTS (KOHA) |
| Source of classification or shelving scheme |
Dewey Decimal Classification |
| Koha item type |
Krásna literatúra pre deti |
| Suppress in OPAC |
No |
| 949 ## - LOCAL PROCESSING INFORMATION (OCLC) |
| 6 |
17A0704565 |
| a |
snkSC 145863 |
| b |
snk2011/13986 |
| o |
1506/11 |
| 949 ## - LOCAL PROCESSING INFORMATION (OCLC) |
| 6 |
17A0704564 |
| a |
snkSC 145863 D1 |
| b |
snk2011/13987 |
| o |
1506/11 |
| s |
6100:20210923 |
| 949 ## - LOCAL PROCESSING INFORMATION (OCLC) |
| 6 |
4710710061 |
| a |
strmkM |
| b |
strmk2012/10061 |
| 980 ## - EQUIVALENCE OR CROSS-REFERENCE-SERIES STATEMENT--PERSONAL NAME/TITLE [LOCAL, CANADA] |
| Personal name |
821.162.3-34 |